<?xml version="1.0" encoding="UTF-8"?>
<record
    xmlns:xsi="http://www.w3.org/2001/XMLSchema-instance"
    xsi:schemaLocation="http://www.loc.gov/MARC21/slim http://www.loc.gov/standards/marcxml/schema/MARC21slim.xsd"
    xmlns="http://www.loc.gov/MARC21/slim">

  <leader>01187nab a2200241uuc4500</leader>
  <controlfield tag="001">1016087</controlfield>
  <controlfield tag="005">20260319101558.0</controlfield>
  <controlfield tag="008">070215e20060701                    spa  </controlfield>
  <datafield tag="035" ind1=" " ind2=" ">
    <subfield code="a">1016087</subfield>
  </datafield>
  <datafield tag="035" ind1=" " ind2=" ">
    <subfield code="a">(OCoLC)820147409</subfield>
  </datafield>
  <datafield tag="040" ind1=" " ind2=" ">
    <subfield code="c">comduadb</subfield>
  </datafield>
  <datafield tag="041" ind1=" " ind2=" ">
    <subfield code="a">spa</subfield>
  </datafield>
  <datafield tag="100" ind1="1" ind2="0">
    <subfield code="a">Pe&#xF1;a Ballesteros, Dar&#xED;o Yesid</subfield>
    <subfield code="4">aut</subfield>
    <subfield code="e">aut</subfield>
    <subfield code="9">403117</subfield>
  </datafield>
  <datafield tag="245" ind1="1" ind2="0">
    <subfield code="a">Evaluaci&#xF3;n de la corrosi&#xF3;n en un sistema O2-salmuera-acero AISI 102 por medio de la celda de impacto</subfield>
  </datafield>
  <datafield tag="520" ind1="3" ind2=" ">
    <subfield code="a">El estudio utilizo la tecnica de corriente limite para determinar los valores de transferencia de masa y esfuerzo de corte en la pared, los cuales se compararon con aquellos predichos por las correlaciones para la geometria de la celda de impacto; ademas, se obtuvieron las velocidades de corrosion para cada una de las condicones evaluadas.</subfield>
  </datafield>
  <datafield tag="650" ind1=" " ind2=" ">
    <subfield code="a">Esfuerzo cortante</subfield>
    <subfield code="9">64244</subfield>
  </datafield>
  <datafield tag="650" ind1=" " ind2="7">
    <subfield code="a">Transferencia de masa</subfield>
    <subfield code="2">lemb</subfield>
    <subfield code="9">42968</subfield>
  </datafield>
  <datafield tag="650" ind1=" " ind2=" ">
    <subfield code="a">Velocidad de corrosi&#xF3;n</subfield>
    <subfield code="9">31433</subfield>
  </datafield>
  <datafield tag="650" ind1=" " ind2=" ">
    <subfield code="a">Acero de carbono</subfield>
    <subfield code="9">31441</subfield>
  </datafield>
  <datafield tag="700" ind1="1" ind2="0">
    <subfield code="a">Su&#xE1;rez S., Mar&#xED;a Teresa</subfield>
    <subfield code="4">aut</subfield>
    <subfield code="e">aut</subfield>
    <subfield code="9">433231</subfield>
  </datafield>
  <datafield tag="773" ind1="0" ind2=" ">
    <subfield code="t">Revista Facultad de Ingenier&#xED;a (Medell&#xED;n)</subfield>
    <subfield code="g">N&#xFA;mero 37, Julio 2006, p. 141-154</subfield>
    <subfield code="w">120998</subfield>
    <subfield code="x">0120-6230</subfield>
    <subfield code="0">67890</subfield>
  </datafield>
  <datafield tag="942" ind1=" " ind2=" ">
    <subfield code="c">ARIMP</subfield>
  </datafield>
  <datafield tag="999" ind1=" " ind2=" ">
    <subfield code="c">418842</subfield>
    <subfield code="d">418842</subfield>
  </datafield>
</record>
